000 00787cam a2200241 a 4500
001 000010029
005 20200929161817.0
008 931116s1990 sp a b 000 0 spa d
020 _a8477850593
040 _aDO-SdBNP
_bspa
_cLC
_dBNPHU
082 _a861.64
_bP259f
100 1 _aParreño, José María.
_924984
245 1 0 _aFe de erratas :
_bpoesía 1980-1990 /
_cJosé María Parreño.
260 _aMálaga :
_bÁrea de Cultura de la Excma. Diputación Provincial,
_c1990.
300 _a275 p. :
_bil. ;
_c22 cm.
490 1 _aPuerta del Mar
_v41
504 _aReferencias bibliográficas p. 195-196.
650 4 _aPoesía española
_9631
650 4 _aLiteratura española
_9632
830 0 _aPuerta del Mar
_v41
_924985
910 _aCatalogación por copia / LC
049 _aBNGR
999 _c9788
_d9788